000 00363 a2200157 4500
001 151344
040 _cEscola São Tomás de Aquino
100 _aCHILD, Lauren
240 1 0 _aTipo assim,Clarice Bean
_lpor
245 1 0 _aTipo assim,Clarice Bean
300 _a187
362 0 _a2007
440 1 _aÁtica
697 _a*LITERATURA INFANTO JUVENIL
942 _cBK
999 _c151344
_d151344